| 000 | 00522nam a2200181Ia 4500 | ||
|---|---|---|---|
| 003 | LK-CoDNM | ||
| 008 | 010623t1992 xxu||||| |||| 00| 1 sin d | ||
| 040 |
_aLK-CoDNM _dLK-CoDNM _eLK-CoDNM |
||
| 041 | _asin | ||
| 080 |
_a659.9 _bATT |
||
| 100 | _aAttanayaka, Bandula | ||
| 245 | _aජනසන්නිවේදනයේ අත්පොත | ||
| 246 | _aJanasanniwedanaye athpotha | ||
| 260 |
_bSanniwedana addyana kendraya _aMinuwangoda _c1992 |
||
| 300 | _b(viii)76, 21 cm | ||
| 650 | _aCommunication | ||
| 942 | _cBK | ||
| 999 |
_c115602 _d115602 |
||